[Event "33ème Open International d'Avoine"]
[Site "Avoine"]
[Date "2018.07.21"]
[Round "4.38"]
[White "Perrin, Alexis"]
[Black "Viers, Emmanuel"]
[Result "0-1"]
[WhiteElo "1866"]
[BlackElo "2126"]
[PlyCount "158"]
[EventDate "2018.??.??"]

1. e4 c5 2. Nf3 Nc6 3. d4 cxd4 4. Nxd4 g6 5. Nc3 Bg7 6. Be3 Nf6 7. Qd2 Ng4 8.
Nxc6 bxc6 9. Bd4 Nf6 10. Be2 O-O 11. O-O Rb8 12. b3 Qc7 13. Rad1 d6 14. Bf3 Nd7
15. Bxg7 Kxg7 16. Be2 Nc5 17. Qd4+ f6 18. Rfe1 Ne6 19. Qe3 Qb6 20. Bc4 Qxe3 21.
Rxe3 Nc5 22. Ne2 Be6 23. Bxe6 Nxe6 24. f4 Rb5 25. a4 Rc5 26. c3 Rb8 27. b4 Rc4
28. f5 Nd8 29. Rd4 Rxd4 30. Nxd4 a5 31. b5 cxb5 32. axb5 Rc8 33. Nc2 Rc5 34.
Na3 Nf7 35. c4 Ne5 36. b6 Rc8 37. Rb3 Rb8 38. Kf2 Nd7 39. Rb5 Rxb6 40. Ke3 Kf7
41. g4 Ra6 42. h4 gxf5 43. exf5 Ra8 44. g5 a4 45. Ke4 fxg5 46. hxg5 h6 47. gxh6
Rh8 48. Ra5 Rxh6 49. Kd5 Rh5 50. Kc6 Nc5 51. Nb5 Rxf5 52. Ra8 Rf4 53. Kd5 Rh4
54. Nc3 Nd7 55. Nxa4 Nf6+ 56. Kc6 Rxc4+ 57. Kb5 Rc2 58. Nb6 Rc5+ 59. Kb4 Nd5+
60. Nxd5 Rxd5 61. Kc4 Rd1 62. Ra2 e5 63. Kc3 Ke6 64. Kc2 Rd5 65. Ra8 e4 66. Kc3
Ke5 67. Re8+ Kf4 68. Kc4 Rd1 69. Rf8+ Kg3 70. Rg8+ Kf3 71. Rf8+ Ke2 72. Rh8 e3
73. Kc3 Kf2 74. Rf8+ Ke1 75. Kc2 e2 76. Rh8 Rd2+ 77. Kc1 Rd5 78. Rh1+ Kf2 79.
Rh2+ Kf1 0-1

[Event "33ème Open International d'Avoine"]
[Site "Avoine"]
[Date "2018.07.21"]
[Round "4.39"]
[White "Batteux, Mickael"]
[Black "Forget, Cyril"]
[Result "1/2-1/2"]
[WhiteElo "2106"]
[BlackElo "1837"]
[PlyCount "47"]
[EventDate "2018.??.??"]

1. d4 d5 2. Nf3 c5 3. g3 e6 4. Bg2 Nc6 5. O-O Nf6 6. c4 Be7 7. Nc3 O-O 8. cxd5
exd5 9. Bg5 c4 10. Ne5 Be6 11. Qd2 h6 12. Nxc6 bxc6 13. Bf4 Qd7 14. Rfe1 Rfd8
15. Rad1 Rac8 16. Qc1 Qb7 17. h3 Qb6 18. Qc2 Rd7 19. Be3 Rb7 20. Rb1 Bb4 21.
Red1 Rcb8 22. Bf4 Rd8 23. Be3 Rdb8 24. Bf4 1/2-1/2

[Event "33ème Open International d'Avoine"]
[Site "Avoine"]
[Date "2018.07.21"]
[Round "4.40"]
[White "Stankowski, Yves"]
[Black "Rubino, William"]
[Result "0-1"]
[WhiteElo "1855"]
[BlackElo "2106"]
[PlyCount "66"]
[EventDate "2018.??.??"]

1. c4 e6 2. g3 d5 3. Bg2 Nf6 4. Nf3 c5 5. cxd5 exd5 6. d4 Be7 7. O-O O-O 8. Nc3
Nc6 9. a3 Be6 10. e3 Ne4 11. Ne2 c4 12. Nd2 Nxd2 13. Bxd2 b5 14. Nf4 Qd7 15.
Bc3 Rad8 16. e4 dxe4 17. Nxe6 Qxe6 18. Qh5 Rd5 19. Qe2 f5 20. Rad1 Bf6 21. Qe3
Rfd8 22. f3 Nxd4 23. fxe4 Nc2 24. Qe2 Rxd1 25. Rxd1 Rxd1+ 26. Qxd1 Ne3 27. Qf3
Qxe4 28. Qxe4 fxe4 29. Bxf6 gxf6 30. Bxe4 Nd1 31. a4 a6 32. b3 c3 33. Kf1 c2
0-1

[Event "33ème Open International d'Avoine"]
[Site "Avoine"]
[Date "2018.07.21"]
[Round "4.41"]
[White "Kern, Nicolas"]
[Black "Guillo, Nicolas"]
[Result "1-0"]
[WhiteElo "2104"]
[BlackElo "1822"]
[PlyCount "73"]
[EventDate "2018.??.??"]

1. e4 e6 2. Qe2 Be7 3. d3 d5 4. f4 Nf6 5. Nf3 c5 6. g3 b6 7. Nbd2 Bb7 8. Bg2
Nc6 9. O-O Qc7 10. c3 O-O 11. h4 dxe4 12. dxe4 a5 13. Nc4 Rfd8 14. a4 Bf8 15.
Nfd2 Rd7 16. Bf3 Rad8 17. Na3 Na7 18. Ndc4 Rd3 19. Ne5 Rxf3 20. Rxf3 Bxe4 21.
Rf1 Ba8 22. Be3 Ne4 23. Kh2 f6 24. Nec4 Qf7 25. Nxb6 Bb7 26. Rad1 Qg6 27. Rg1
Rxd1 28. Qxd1 Bc6 29. Nac4 e5 30. fxe5 f5 31. Qd8 Qg4 32. Qd1 Qg6 33. Nxa5 h5
34. Bf4 c4 35. Nxc6 Nxc6 36. Nd7 Nf2 37. Qd5+ 1-0

[Event "33ème Open International d'Avoine"]
[Site "Avoine"]
[Date "2018.07.21"]
[Round "4.42"]
[White "Lombart, Philippe"]
[Black "Englisch, Colya"]
[Result "1/2-1/2"]
[WhiteElo "1852"]
[BlackElo "2097"]
[PlyCount "82"]
[EventDate "2018.??.??"]

1. d4 {[%emt 0:00:00]} g6 {[%emt 0:00:00]} 2. c4 Nf6 3. Nc3 Bg7 4. g3 O-O 5.
Bg2 d6 6. Nf3 c5 7. d5 e6 8. O-O exd5 9. cxd5 Na6 10. e4 Bg4 11. h3 Bxf3 12.
Qxf3 Nd7 13. Qe2 Re8 14. Be3 Nc7 15. a4 b6 16. f4 Rb8 17. Nb5 Nxb5 18. axb5 Rb7
19. Ra3 Nf6 20. Qc4 Rbe7 21. e5 Bf8 22. Bd2 dxe5 23. fxe5 Rxe5 24. Rxa7 Re2 25.
Bg5 Qb8 26. Ra3 Nd7 27. d6 Qxd6 28. Rd3 Ne5 29. Rxd6 Nxc4 30. Rd7 Ne5 31. Rb7
h6 32. Bf6 c4 33. Bd5 Bc5+ 34. Kh1 Rf2 35. Rxf2 Bxf2 36. Bxe5 Rxe5 37. Bxf7+
Kh8 38. Bxc4 Re4 39. b3 Bc5 40. Kg2 Re7 41. Rxe7 Bxe7 1/2-1/2

[Event "33ème Open International d'Avoine"]
[Site "Avoine"]
[Date "2018.07.21"]
[Round "4.43"]
[White "Droin, Augustin"]
[Black "Masson, Benoit"]
[Result "1-0"]
[WhiteElo "2095"]
[BlackElo "1806"]
[PlyCount "69"]
[EventDate "2018.??.??"]

1. e4 c5 2. Nf3 Nc6 3. Bb5 g6 4. O-O Bg7 5. c3 Nf6 6. Re1 O-O 7. d4 cxd4 8.
cxd4 a6 9. Bf1 d5 10. e5 Ne8 11. h3 Nc7 12. Nc3 Na7 13. a4 Nc6 14. b3 a5 15.
Ba3 Na6 16. Qd2 Nab4 17. Nb5 h6 18. Rac1 Bd7 19. Re3 Qb6 20. Ne1 h5 21. Rec3
Bf5 22. Bxb4 Nxb4 23. Nd3 Bxd3 24. Bxd3 Na6 25. Qg5 Qe6 26. f4 Rab8 27. Kh2
Rbc8 28. f5 Qd7 29. fxg6 Rxc3 30. Rxc3 e6 31. Qxh5 fxg6 32. Bxg6 Rf4 33. g3
Rf2+ 34. Kg1 Ra2 35. Qh7+ 1-0

[Event "33ème Open International d'Avoine"]
[Site "Avoine"]
[Date "2018.07.21"]
[Round "4.44"]
[White "Crook, Oliver-James"]
[Black "Cau, Benjamin"]
[Result "0-1"]
[WhiteElo "1844"]
[BlackElo "2093"]
[PlyCount "106"]
[EventDate "2018.??.??"]

1. d4 d5 2. Nc3 Bf5 3. f3 Nf6 4. Bg5 Nc6 5. e3 Bg6 6. Nh3 e6 7. Nf4 Be7 8. h4
h6 9. Nxg6 fxg6 10. Bf4 Nh5 11. g3 g5 12. hxg5 hxg5 13. Qd3 Kf7 14. Be5 Nf4 15.
exf4 Rxh1 16. f5 Qd7 17. O-O-O exf5 18. Re1 Bb4 19. a3 Bxc3 20. Qxc3 Nxe5 21.
dxe5 Ke6 22. g4 g6 23. Qd2 Qe7 24. c4 c6 25. Rd1 Rd8 26. Qg2 Qh7 27. f4 gxf4
28. gxf5+ gxf5 29. Qg5 Qh4 30. Qg6+ Kd7 31. cxd5 cxd5 32. e6+ Kc8 33. Kb1 Qh7
34. Qg5 Qh4 35. Qg7 Kb8 36. Qe5+ Ka8 37. Ka2 Qe7 38. Qxf5 Rh6 39. Bh3 Rf6 40.
Qe5 f3 41. Rxd5 Rxd5 42. Qxd5 f2 43. Qc4 {(=)} a6 44. Qc8+ Ka7 45. Qc4 Rf8 46.
Qd4+ Ka8 47. Qc4 Qd6 48. Bg2 Re8 49. Bh3 Qg3 50. Bf5 Qe5 51. Bh3 Qe3 52. Bg2
Qxe6 53. Bd5 Qxd5 0-1

[Event "33ème Open International d'Avoine"]
[Site "Avoine"]
[Date "2018.07.21"]
[Round "4.45"]
[White "Lamaze, Simon"]
[Black "Bauche, Timothe"]
[Result "1/2-1/2"]
[WhiteElo "1838"]
[BlackElo "2086"]
[PlyCount "115"]
[EventDate "2018.??.??"]

1. d4 Nf6 2. Nf3 e6 3. c4 Bb4+ 4. Bd2 c5 5. Bxb4 cxb4 6. g3 O-O 7. Bg2 d6 8.
Nbd2 Re8 9. Nf1 Qb6 10. Ne3 a5 11. O-O Na6 12. a3 Bd7 13. axb4 Nxb4 14. Nc2
Rec8 15. Ne3 Bc6 16. c5 Qb5 17. cxd6 Ne8 18. d5 Nxd5 19. Nd4 Qa6 20. Nxd5 exd5
21. Nf5 Rd8 22. Qd4 Bd7 23. Ne7+ Kf8 24. Nxd5 Qxd6 25. Qh4 Bc6 26. Rad1 h6 27.
Ne3 Qf6 28. Qxf6 Nxf6 29. Bxc6 bxc6 30. Rxd8+ Rxd8 31. Nc4 Rb8 32. e3 a4 33.
Ra1 Rb4 34. Ne5 Rxb2 35. Nxc6 Rb6 36. Na5 Rb4 37. Nc6 Rc4 38. Ne5 Re4 39. Nc6
Ke8 40. Nd4 Re5 41. Rxa4 Rc5 42. h3 g6 43. g4 h5 44. Nf3 hxg4 45. hxg4 Nd7 46.
Rf4 Ke7 47. Re4+ Kf6 48. g5+ Kg7 49. Kg2 Rf5 50. Rg4 Ra5 51. Kg3 Nc5 52. Nd4
Nd3 53. f4 Ra2 54. Rh4 f5 55. gxf6+ Kxf6 56. Rh2 Rxh2 57. Kxh2 g5 58. f5
1/2-1/2

[Event "33ème Open International d'Avoine"]
[Site "Avoine"]
[Date "2018.07.21"]
[Round "4.46"]
[White "Kocur, Johan"]
[Black "Lougnon, Florian"]
[Result "1-0"]
[WhiteElo "2077"]
[BlackElo "1784"]
[PlyCount "85"]
[EventDate "2018.??.??"]

1. Nf3 Nf6 2. c4 c6 3. g3 g6 4. b3 Bg7 5. Bb2 O-O 6. Bg2 d6 7. d4 Bf5 8. O-O
Nbd7 9. Nh4 Be4 10. f3 g5 11. fxe4 gxh4 12. Qd3 e5 13. e3 hxg3 14. h3 c5 15. d5
Ne8 16. Rf5 Kh8 17. Nd2 Rg8 18. Raf1 Nef6 19. R1f3 Bh6 20. Nf1 Rg7 21. Bc3 Qe7
22. Be1 Rag8 23. Kh1 Rg5 24. Rxg5 Rxg5 25. Nxg3 Qf8 26. Nf5 Rg6 27. Kh2 Nh5 28.
Qf1 f6 29. Qf2 Bg5 30. h4 Bh6 31. Bh3 Nb6 32. Ba5 Ng7 33. Bxb6 axb6 34. h5 Nxh5
35. Qh4 Nf4 36. exf4 Bxf4+ 37. Rxf4 exf4 38. Qxf4 Qa8 39. a4 Qa5 40. Nh4 Rg7
41. Qxf6 Qe1 42. Qf8+ Rg8 43. Ng6+ 1-0

[Event "33ème Open International d'Avoine"]
[Site "Avoine"]
[Date "2018.07.21"]
[Round "4.47"]
[White "Kocur, Marc"]
[Black "Plessis, Arnaud"]
[Result "1/2-1/2"]
[WhiteElo "1836"]
[BlackElo "2073"]
[PlyCount "79"]
[EventDate "2018.??.??"]

1. e4 d5 2. exd5 Qxd5 3. Nc3 Qa5 4. d4 c6 5. a3 Nf6 6. b4 Qc7 7. Qf3 Bg4 8. Qf4
Qxf4 9. Bxf4 Nd5 10. h3 Be6 11. Nxd5 cxd5 12. Nf3 f6 13. g4 Nd7 14. Kd2 Rc8 15.
Bb5 a6 16. Bd3 Nb6 17. Rhe1 Bf7 18. Re2 Nc4+ 19. Bxc4 Rxc4 20. c3 Kd7 21. g5
Bh5 22. Re3 e5 23. Bxe5 Bxf3 24. gxf6 gxf6 25. Bxf6 Rg8 26. Rxf3 Bh6+ 27. Ke2
Rf8 28. h4 Ke6 29. Bg5 Rxf3 30. Kxf3 Bxg5 31. hxg5 Kf5 32. Rc1 Kxg5 33. a4 b6
34. Ke3 a5 35. bxa5 bxa5 36. Kd3 h5 37. Rg1+ Kf4 38. Rh1 Kg4 39. Rg1+ Kf4 40.
Rh1 1/2-1/2

[Event "33ème Open International d'Avoine"]
[Site "Avoine"]
[Date "2018.07.21"]
[Round "4.48"]
[White "Fruteau, Sabine"]
[Black "Oney, Fatmanur"]
[Result "1-0"]
[WhiteElo "2071"]
[BlackElo "1780"]
[PlyCount "65"]
[EventDate "2018.??.??"]

1. e4 d6 2. d4 g6 3. Be3 Nf6 4. Nc3 Bg7 5. Nf3 c6 6. h3 b5 7. Bd3 Bb7 8. O-O
O-O 9. Qd2 Re8 10. Rad1 b4 11. Ne2 a5 12. Bh6 Nbd7 13. e5 Nd5 14. Bxg7 Kxg7 15.
e6 fxe6 16. Ng5 Nf8 17. Nf4 Bc8 18. Rde1 Qb6 19. Nxd5 exd5 20. Qf4 Bf5 21. Bxf5
gxf5 22. Qxf5 Qxd4 23. Qxf8+ Kxf8 24. Ne6+ Kf7 25. Nxd4 e5 26. Nf5 Re6 27. f4
e4 28. Nd4 Re7 29. Nxc6 Rc7 30. Nd4 Rc4 31. Rd1 Rac8 32. Rfe1 Re8 33. Nf5 1-0

[Event "33ème Open International d'Avoine"]
[Site "Avoine"]
[Date "2018.07.21"]
[Round "4.49"]
[White "Lafourcade, Victor"]
[Black "Bianchi, Guillaume"]
[Result "1/2-1/2"]
[WhiteElo "1834"]
[BlackElo "2071"]
[PlyCount "126"]
[EventDate "2018.??.??"]

1. e4 c5 2. d4 cxd4 3. c3 Nf6 4. e5 Nd5 5. cxd4 d6 6. f4 Nc6 7. Nc3 e6 8. Nf3
Be7 9. Bd3 dxe5 10. fxe5 Qb6 11. O-O h6 12. Be4 Ncb4 13. Qe1 Bd7 14. Qg3 g5 15.
a3 Nxc3 16. bxc3 Bc6 17. Nd2 Nd5 18. Rb1 Qc7 19. Qf3 Rf8 20. c4 Nb6 21. d5 exd5
22. cxd5 Bxd5 23. Bxd5 Qc5+ 24. Kh1 Qxd5 25. Ne4 O-O-O 26. Be3 Kb8 27. Bxb6
axb6 28. Rxb6 Rd7 29. Rfb1 Rfd8 30. h3 h5 31. Nf6 Bxf6 32. Qxd5 Rxd5 33. Rxb7+
Kc8 34. exf6 Rd1+ 35. Kh2 Rxb1 36. Rxb1 Rd3 37. Rb5 g4 38. hxg4 hxg4 39. Rb4
Rxa3 40. Rxg4 Ra6 41. Rf4 Kd7 42. g4 Ke6 43. g5 Ra5 44. g6 Rh5+ 45. Kg3 Rg5+
46. Rg4 Rxg6 47. Rxg6 fxg6 48. Kg4 Kxf6 49. Kf4 g5+ 50. Kg3 Kf5 51. Kf3 g4+ 52.
Kg2 Kg5 53. Kg3 Kh5 54. Kg2 Kh4 55. Kh2 g3+ 56. Kg1 Kg5 57. Kg2 Kg4 58. Kg1 Kf3
59. Kf1 Kg4 60. Kg2 Kh4 61. Kg1 Kh3 62. Kh1 g2+ 63. Kg1 Kg3 1/2-1/2

[Event "33ème Open International d'Avoine"]
[Site "Avoine"]
[Date "2018.07.21"]
[Round "4.50"]
[White "Le, Quan Anh"]
[Black "Azouni, Anais"]
[Result "1-0"]
[WhiteElo "2068"]
[BlackElo "1775"]
[PlyCount "71"]
[EventDate "2018.??.??"]

1. e4 c5 2. Nf3 Nc6 3. d4 cxd4 4. Nxd4 Nf6 5. Nc3 e5 6. Ndb5 d6 7. Be3 a6 8.
Na3 Be7 9. Nc4 b5 10. Nb6 Rb8 11. Nbd5 O-O 12. Nxf6+ Bxf6 13. Qd2 Ne7 14. a3
Be6 15. Be2 d5 16. exd5 Nxd5 17. Nxd5 Qxd5 18. Qxd5 Bxd5 19. O-O Rbc8 20. c3
Bb3 21. Bd1 Bc4 22. Re1 a5 23. a4 Rb8 24. b3 Be6 25. axb5 Rxb5 26. c4 e4 27.
cxb5 Bxa1 28. Be2 Bc3 29. Rc1 Bb4 30. Bc4 Bf5 31. b6 h6 32. Bd5 Bd6 33. Bc5 Bf4
34. Bxf8 Bxc1 35. Bd6 e3 36. b7 1-0

[Event "33ème Open International d'Avoine"]
[Site "Avoine"]
[Date "2018.07.21"]
[Round "5.1"]
[White "Malassagne, Raphael"]
[Black "Ortiz Suarez, Isan Reynaldo"]
[Result "0-1"]
[WhiteElo "2275"]
[BlackElo "2548"]
[PlyCount "58"]
[EventDate "2018.??.??"]

1. d4 {[%emt 0:01:48]} Nf6 {[%emt 0:00:15]} 2. Nf3 {[%emt 0:00:07]} d5 {
[%emt 0:00:29]} 3. g3 {[%emt 0:02:35]} g6 {[%emt 0:02:43]} 4. Bg2 {
[%emt 0:00:40]} Bg7 {[%emt 0:00:06]} 5. O-O {[%emt 0:00:04]} O-O {
[%emt 0:00:04]} 6. c3 {[%emt 0:00:09]} Nbd7 {[%emt 0:02:25]} 7. Nbd2 {
[%emt 0:04:28]} c5 {[%emt 0:01:26]} 8. a4 {[%emt 0:01:23]} b6 {[%emt 0:05:15]}
9. Re1 {[%emt 0:10:31]} Bb7 {[%emt 0:00:41]} 10. a5 {[%emt 0:01:53]} Qc7 {
[%emt 0:02:54]} 11. Nf1 {[%emt 0:08:49]} Nh5 {[%emt 0:07:44]} 12. Ne3 {
[%emt 0:04:39]} e6 {[%emt 0:00:06]} 13. b4 {[%emt 0:09:47]} Nhf6 {
[%emt 0:07:17]} 14. a6 {[%emt 0:18:30]} Bc6 {[%emt 0:01:52]} 15. bxc5 {
[%emt 0:00:14]} bxc5 {[%emt 0:00:10]} 16. c4 {[%emt 0:00:22]} Rfd8 {
[%emt 0:24:19]} 17. Ba3 {[%emt 0:13:30]} Rac8 {[%emt 0:06:36]} 18. cxd5 {
[%emt 0:06:41]} Nxd5 {[%emt 0:00:32]} 19. Nxd5 {[%emt 0:01:24]} Bxd5 {
[%emt 0:00:37]} 20. e4 {[%emt 0:06:05]} Ba8 {[%emt 0:00:58]} 21. Bb2 {
[%emt 0:00:08]} cxd4 {[%emt 0:10:55]} 22. Rc1 {[%emt 0:06:03]} Nc5 {
[%emt 0:00:18]} 23. Rc4 {[%emt 0:00:29]} Qb8 {[%emt 0:13:04]} 24. Bxd4 {
[%emt 0:03:24]} e5 {[%emt 0:00:25]} 25. Rxc5 {[%emt 0:03:10]} Rxc5 {
[%emt 0:00:24]} 26. Bxc5 {[%emt 0:00:01]} Rxd1 {[%emt 0:00:09]} 27. Rxd1 {
[%emt 0:00:01]} Qc7 {[%emt 0:04:16]} 28. Bh3 {[%emt 0:01:03]} Bxe4 {
[%emt 0:01:59]} 29. Ng5 {[%emt 0:00:13]} Bf5 {[%emt 0:00:28]} 0-1

[Event "33ème Open International d'Avoine"]
[Site "Avoine"]
[Date "2018.07.21"]
[Round "5.2"]
[White "Mazzella, Enzo"]
[Black "Lerch, Patrice"]
[Result "1/2-1/2"]
[WhiteElo "2273"]
[BlackElo "2405"]
[PlyCount "144"]
[EventDate "2018.??.??"]

1. e4 {[%emt 0:10:10]} c5 {[%emt 0:00:11]} 2. Nc3 {[%emt 0:00:07]} Nc6 {
[%emt 0:01:22]} 3. Bb5 {[%emt 0:00:34]} Qc7 {[%emt 0:04:10]} 4. Nd5 {
[%emt 0:06:10]} Qb8 {[%emt 0:07:15]} 5. Bxc6 {[%emt 0:01:11]} bxc6 {
[%emt 0:02:49]} 6. Nc3 {[%emt 0:00:13]} c4 {[%emt 0:14:59]} 7. b3 {
[%emt 0:12:22]} cxb3 {[%emt 0:00:04]} 8. axb3 {[%emt 0:00:08]} g6 {
[%emt 0:00:48]} 9. Nge2 {[%emt 0:00:41]} Bg7 {[%emt 0:00:04]} 10. d4 {
[%emt 0:02:19]} d6 {[%emt 0:02:35]} 11. Be3 {[%emt 0:03:46]} Nf6 {
[%emt 0:03:00]} 12. h3 {[%emt 0:00:14]} O-O {[%emt 0:00:05]} 13. O-O {
[%emt 0:01:10]} Bb7 {[%emt 0:03:35]} 14. Qd2 {[%emt 0:27:37]} Qc7 {
[%emt 0:09:28]} 15. Bh6 {[%emt 0:02:22]} c5 {[%emt 0:00:13]} 16. Bxg7 {
[%emt 0:01:13]} Kxg7 {[%emt 0:00:06]} 17. d5 {[%emt 0:00:14]} a6 {
[%emt 0:00:03]} 18. f4 {[%emt 0:04:48]} Rae8 {[%emt 0:08:08]} 19. Rad1 {
[%emt 0:14:36]} Kh8 {[%emt 0:11:26]} 20. f5 {[%emt 0:01:33]} gxf5 {
[%emt 0:00:13]} 21. Rxf5 {[%emt 0:00:21]} Bc8 {[%emt 0:00:25]} 22. Rf4 {
[%emt 0:07:55]} Nd7 {[%emt 0:04:34]} 23. Rh4 {[%emt 0:00:29]} Rg8 {
[%emt 0:00:03]} 24. Qh6 {[%emt 0:00:55]} Rg7 {[%emt 0:00:55]} 25. Ng3 {
[%emt 0:03:21]} Qa5 {[%emt 0:02:39]} 26. Nce2 {[%emt 0:01:13]} Nf6 {
[%emt 0:01:54]} 27. Nf5 {[%emt 0:01:03]} Bxf5 {[%emt 0:00:05]} 28. exf5 {
[%emt 0:00:04]} Nxd5 {[%emt 0:00:41]} 29. Ra4 {[%emt 0:02:09]} Qb5 {
[%emt 0:00:29]} 30. Qd2 {[%emt 0:01:56]} Nf6 {[%emt 0:01:21]} 31. Qd3 {
[%emt 0:00:10]} Reg8 {[%emt 0:00:58]} 32. g3 {[%emt 0:00:39]} Qb7 {
[%emt 0:01:31]} 33. Kh2 {[%emt 0:01:10]} Rg5 {[%emt 0:01:11]} 34. Rf1 {
[%emt 0:00:36]} Nd5 {[%emt 0:01:47]} 35. Qf3 {[%emt 0:01:48]} Qa8 {
[%emt 0:00:20]} 36. Rfa1 {[%emt 0:01:03]} Nb4 {[%emt 0:01:25]} 37. Qxa8 {
[%emt 0:00:26]} Rxa8 {[%emt 0:00:04]} 38. c3 {[%emt 0:00:35]} Rxf5 {
[%emt 0:00:06]} 39. cxb4 {[%emt 0:00:52]} Rf2+ {[%emt 0:00:06]} 40. Kg1 {
[%emt 0:00:03]} Rxe2 {[%emt 0:00:04]} 41. bxc5 {[%emt 0:10:34]} dxc5 {
[%emt 0:01:38]} 42. Rxa6 {[%emt 0:00:22]} Rg8 {[%emt 0:01:13]} 43. g4 {
[%emt 0:03:52]} Re3 {[%emt 0:04:37]} 44. Kg2 {[%emt 0:04:03]} Rxb3 {
[%emt 0:00:10]} 45. Ra7 {[%emt 0:01:10]} Rd8 {[%emt 0:02:23]} 46. Rxe7 {
[%emt 0:02:58]} Rd2+ {[%emt 0:01:00]} 47. Kg1 {[%emt 0:01:33]} Rg3+ {
[%emt 0:00:04]} 48. Kf1 {[%emt 0:00:27]} Rxh3 {[%emt 0:00:05]} 49. Ke1 {
[%emt 0:00:21]} Rg2 {[%emt 0:00:06]} 50. Rxf7 {[%emt 0:00:51]} Rh1+ {
[%emt 0:00:04]} 51. Rf1 {[%emt 0:00:04]} Rxf1+ {[%emt 0:00:02]} 52. Kxf1 {
[%emt 0:00:05]} Rxg4 {[%emt 0:00:04]} 53. Kf2 {[%emt 0:00:21]} Kg7 {
[%emt 0:01:20]} 54. Kf3 {[%emt 0:00:05]} Rd4 {[%emt 0:00:53]} 55. Ke3 {
[%emt 0:00:40]} h5 {[%emt 0:00:57]} 56. Ra5 {[%emt 0:00:10]} Rd5 {
[%emt 0:00:21]} 57. Ke4 {[%emt 0:00:09]} Rg5 {[%emt 0:00:04]} 58. Kf4 {
[%emt 0:00:21]} Kh6 {[%emt 0:00:20]} 59. Ra8 {[%emt 0:00:56]} Rd5 {
[%emt 0:01:28]} 60. Ke4 {[%emt 0:00:21]} Rd1 {[%emt 0:00:15]} 61. Rc8 {
[%emt 0:00:14]} Rc1 {[%emt 0:03:30]} 62. Kf5 {[%emt 0:04:40]} Kg7 {
[%emt 0:00:14]} 63. Rc7+ {[%emt 0:00:06]} Kg8 {[%emt 0:00:03]} 64. Kg6 {
[%emt 0:09:57]} Kf8 {[%emt 0:00:06]} 65. Kxh5 {[%emt 0:00:03]} Ke8 {
[%emt 0:00:06]} 66. Kg4 {[%emt 0:00:04]} Kd8 {[%emt 0:00:05]} 67. Ra7 {
[%emt 0:00:34]} c4 {[%emt 0:00:55]} 68. Kf3 {[%emt 0:00:04]} c3 {[%emt 0:00:24]
} 69. Ke2 {[%emt 0:00:39]} c2 {[%emt 0:00:04]} 70. Kd2 {[%emt 0:00:13]} Rd1+ {
[%emt 0:00:03]} 71. Kxc2 {[%emt 0:00:07]} Rd7 {[%emt 0:00:02]} 72. Rxd7+ {
[%emt 0:00:07]} Kxd7 {[%emt 0:00:03]} 1/2-1/2

[Event "33ème Open International d'Avoine"]
[Site "Avoine"]
[Date "2018.07.21"]
[Round "5.3"]
[White "Djidjeli, Sofiane"]
[Black "Naumkin, Igor"]
[Result "1/2-1/2"]
[WhiteElo "2130"]
[BlackElo "2379"]
[PlyCount "56"]
[EventDate "2018.??.??"]

1. e4 {[%emt 0:00:01]} e6 {[%emt 0:01:30]} 2. d4 {[%emt 0:00:10]} d5 {
[%emt 0:00:07]} 3. Nc3 {[%emt 0:00:32]} Nf6 {[%emt 0:00:08]} 4. Bd3 {
[%emt 0:00:38]} c5 {[%emt 0:01:06]} 5. exd5 {[%emt 0:00:07]} exd5 {
[%emt 0:00:26]} 6. dxc5 {[%emt 0:00:07]} Bxc5 {[%emt 0:00:20]} 7. Nf3 {
[%emt 0:00:33]} O-O {[%emt 0:01:19]} 8. O-O {[%emt 0:02:26]} h6 {[%emt 0:01:58]
} 9. Bf4 {[%emt 0:00:31]} Bg4 {[%emt 0:02:28]} 10. Be2 {[%emt 0:05:02]} Nc6 {
[%emt 0:03:17]} 11. h3 {[%emt 0:06:10]} Bh5 {[%emt 0:06:43]} 12. Ne5 {
[%emt 0:01:37]} Bxe2 {[%emt 0:02:22]} 13. Nxe2 {[%emt 0:08:31]} Re8 {
[%emt 0:04:20]} 14. Nxc6 {[%emt 0:00:40]} bxc6 {[%emt 0:00:11]} 15. Nc3 {
[%emt 0:07:39]} Ne4 {[%emt 0:11:29]} 16. Nxe4 {[%emt 0:10:41]} Rxe4 {
[%emt 0:02:35]} 17. Qf3 {[%emt 0:01:00]} Qb6 {[%emt 0:07:36]} 18. b3 {
[%emt 0:04:23]} Rae8 {[%emt 0:01:42]} 19. Bd2 {[%emt 0:00:31]} Re2 {
[%emt 0:02:41]} 20. Rad1 {[%emt 0:04:56]} R8e6 {[%emt 0:04:50]} 21. c4 {
[%emt 0:06:20]} R2e4 {[%emt 0:12:27]} 22. b4 {[%emt 0:05:06]} Bxb4 {
[%emt 0:10:13]} 23. Bxb4 {[%emt 0:00:20]} Qxb4 {[%emt 0:00:10]} 24. cxd5 {
[%emt 0:00:03]} cxd5 {[%emt 0:00:37]} 25. Rxd5 {[%emt 0:00:11]} Qc4 {
[%emt 0:01:22]} 26. Rd8+ {[%emt 0:00:24]} Re8 {[%emt 0:04:57]} 27. Rxe8+ {
[%emt 0:00:33]} Rxe8 {[%emt 0:00:04]} 28. Qb3 {[%emt 0:03:09]} Qxb3 {
[%emt 0:03:27]} 1/2-1/2

[Event "33ème Open International d'Avoine"]
[Site "Avoine"]
[Date "2018.07.21"]
[Round "5.4"]
[White "Bailet, Pierre"]
[Black "Sandu, Mihaela"]
[Result "1-0"]
[WhiteElo "2503"]
[BlackElo "2248"]
[PlyCount "71"]
[EventDate "2018.??.??"]

1. e4 {[%emt 0:00:18]} c5 {[%emt 0:00:05]} 2. Nf3 {[%emt 0:00:27]} d6 {
[%emt 0:00:05]} 3. d4 {[%emt 0:00:44]} cxd4 {[%emt 0:00:05]} 4. Nxd4 {
[%emt 0:00:10]} Nf6 {[%emt 0:00:07]} 5. Nc3 {[%emt 0:00:13]} a6 {[%emt 0:00:05]
} 6. g3 {[%emt 0:03:35]} g6 {[%emt 0:00:54]} 7. Bg2 {[%emt 0:00:09]} Bg7 {
[%emt 0:00:05]} 8. O-O {[%emt 0:00:27]} O-O {[%emt 0:00:05]} 9. h3 {
[%emt 0:01:02]} Nc6 {[%emt 0:00:32]} 10. Nde2 {[%emt 0:00:37]} Bd7 {
[%emt 0:01:22]} 11. a4 {[%emt 0:06:56]} Rc8 {[%emt 0:01:40]} 12. Be3 {
[%emt 0:10:02]} Qc7 {[%emt 0:06:44]} 13. b3 {[%emt 0:08:11]} e5 {[%emt 0:11:17]
} 14. Rc1 {[%emt 0:16:14]} Nd8 {[%emt 0:19:55]} 15. Qd3 {[%emt 0:07:21]} Ne6 {
[%emt 0:17:11]} 16. Rfd1 {[%emt 0:03:04]} d5 {[%emt 0:17:31]} 17. Nxd5 {
[%emt 0:04:33]} Nxd5 {[%emt 0:01:39]} 18. Qxd5 {[%emt 0:04:07]} Bc6 {
[%emt 0:00:18]} 19. Qd2 {[%emt 0:00:37]} Rfd8 {[%emt 0:01:04]} 20. Qb4 {
[%emt 0:01:01]} Bf8 {[%emt 0:02:19]} 21. Qb6 {[%emt 0:02:54]} Qe7 {
[%emt 0:00:35]} 22. Nc3 {[%emt 0:05:08]} Qa3 {[%emt 0:10:04]} 23. Nd5 {
[%emt 0:05:52]} Qb2 {[%emt 0:00:20]} 24. c3 {[%emt 0:03:44]} Kg7 {
[%emt 0:03:10]} 25. Kh2 {[%emt 0:04:47]} Bxd5 {[%emt 0:09:15]} 26. exd5 {
[%emt 0:02:02]} Bc5 {[%emt 0:00:05]} 27. Bxc5 {[%emt 0:02:34]} Nxc5 {
[%emt 0:00:05]} 28. d6 {[%emt 0:08:11]} Qxb3 {[%emt 0:04:05]} 29. Qb4 {
[%emt 0:03:30]} Qa2 {[%emt 0:00:20]} 30. Rd5 {[%emt 0:01:37]} Qxf2 {
[%emt 0:01:47]} 31. Rf1 {[%emt 0:00:29]} Qe3 {[%emt 0:02:31]} 32. Rf3 {
[%emt 0:00:44]} a5 {[%emt 0:00:31]} 33. Qb6 {[%emt 0:01:54]} Qe2 {
[%emt 0:01:01]} 34. Rxc5 {[%emt 0:00:38]} e4 {[%emt 0:00:22]} 35. Rxf7+ {
[%emt 0:00:24]} Kxf7 {[%emt 0:00:13]} 36. Rxc8 {[%emt 0:00:26]} 1-0